000 01170cam a2200265 4500
001 ABS68525
008 041215n2004 000 0 eng u
035 _a(Sirsi) u128316
100 _aKhatri, M.
245 _aSpanish real estate market resilient in the face of global economic slowdown
260 _c2004
490 _aRICS European Alert
_vNovember 2004, 6(1)
520 _aPresents RICS Chief Economist's latest assessment of the Spanish commercial real estate market focusing on the office and retail markets with comments on the economic background. View at www.rics.org.
590 _aABS
590 _aABS
650 _aOFFICE MARKET
650 _aPROPERTY-COMMERCIAL PROPERTY-RETAIL PROPERTY-RETAIL PROPERTY MARKET
650 _aRENTAL LEVELS
650 _aECONOMIC OUTLOOK
650 _aSPAIN
690 _aCOMMERCIAL PROPERTY-MARKET
856 _uhttps://www.rics.org/AboutRICS/RICSworldwide/RICSEurope/european+alert+november+2004.htm
_zView the article on the RICS website...
856 _uhttps://www.rics.org/AboutRICS/RICSworldwide/RICSEurope/european+alert+november+2004.htm
_zView the article on the RICS website...
942 _n0
999 _c118452
_d118452